| 000 | 01244cam a2200313 a 4500 | ||
|---|---|---|---|
| 001 | 2579123 | ||
| 003 | OSt | ||
| 005 | 20230605111744.0 | ||
| 008 | 960506s1996 enkab b 001 0 eng | ||
| 010 | _a 96018761 | ||
| 020 | _a1856494594 (hb) | ||
| 020 | _a1856494608 (pb) | ||
| 040 |
_aDLC _cDLC _dDLC |
||
| 043 | _afb----- | ||
| 082 | 0 | 0 |
_a333.79/0967 _220 _bBHA |
| 245 | 0 | 0 |
_aEnergy utilities and institutions in Africa / _c[G. Elfaki Ali ... et al.] edited and introduced by M.R. Bhagavan. |
| 260 |
_aLondon ; _aAtlantic Highlands, N.J. : _bZed Books in association with AFREPREN, Nairobi, _c1996. |
||
| 300 |
_axvi, 203 p. : _bill., maps ; _c22 cm. |
||
| 440 | 0 | _aAfrican energy policy research series | |
| 504 | _aIncludes bibliographical references and index. | ||
| 650 | 0 |
_aEnergy industries _zAfrica, Sub-Saharan _xCase studies. |
|
| 650 | 0 |
_aPublic utilities _zAfrica, Sub-Saharan _xCase studies. |
|
| 700 | 1 | _aAli, Ga'afar El Faki. | |
| 700 | 1 |
_aBhagavan, M. R., _d1934- |
|
| 710 | 2 | _aAfrican Energy Policy Research Network. | |
| 906 |
_a7 _bcbc _corignew _d1 _eocip _f19 _gy-gencatlg |
||
| 942 |
_2ddc _cBK |
||
| 999 |
_c300 _d300 |
||